Configuring ISA server 2000 : (Record no. 562)
[ view plain ]
| 000 -LEADER | |
|---|---|
| fixed length control field | 00990nac a22002411u 4500 |
| 020 ## - INTERNATIONAL STANDARD BOOK NUMBER | |
| International Standard Book Number | 1928994296 (pbk.) |
| 082 ## - DEWEY DECIMAL CLASSIFICATION NUMBER | |
| Classification number | 005.8 |
| Item number | S5566 |
| 090 ## - LOCALLY ASSIGNED LC-TYPE CALL NUMBER (OCLC); LOCAL CALL NUMBER (OCLC) | |
| -- | 562 |
| -- | 562 |
| 100 ## - MAIN ENTRY--PERSONAL NAME | |
| Personal name | Shinder, Thomas W. |
| 245 ## - TITLE STATEMENT | |
| Title | Configuring ISA server 2000 : |
| Remainder of title | building firewalls for windows 2000 / |
| Statement of responsibility, etc | [Thomas W. Shinder, Debra Littlejohn Shinder ; Martin Grasdal, technical editor]. |
| 260 ## - PUBLICATION, DISTRIBUTION, ETC. (IMPRINT) | |
| Place of publication, distribution, etc | Rockland, Mass. ; |
| -- | a [Great Britain] : |
| Name of publisher, distributor, etc | Syngress, |
| Date of publication, distribution, etc | c2001. |
| 300 ## - PHYSICAL DESCRIPTION | |
| Extent | xl, 909 p. : |
| Other physical details | ill. ; |
| Dimensions | 25 cm. |
| 500 ## - GENERAL NOTE | |
| General note | Includes index. |
| 500 ## - GENERAL NOTE | |
| General note | One CD-ROM in pocket attached to inside back cover. |
| 650 ## - SUBJECT ADDED ENTRY--TOPICAL TERM | |
| Topical term or geographic name as entry element | Microsoft ISA server. |
| 650 ## - SUBJECT ADDED ENTRY--TOPICAL TERM | |
| Topical term or geographic name as entry element | Firewalls (Computer security) |
| 650 ## - SUBJECT ADDED ENTRY--TOPICAL TERM | |
| Topical term or geographic name as entry element | Computer networks |
| General subdivision | Security measures. |
| 650 ## - SUBJECT ADDED ENTRY--TOPICAL TERM | |
| Topical term or geographic name as entry element | Computer security. |
| 700 ## - ADDED ENTRY--PERSONAL NAME | |
| Personal name | Shinder, Debra Littlejohn. |
| 700 ## - ADDED ENTRY--PERSONAL NAME | |
| Personal name | Grasdal, Martin. |
| 942 ## - ADDED ENTRY ELEMENTS (KOHA) | |
| Item type | Book - Borrowing |
| Call number prefix | 005.8S5566 |
| Withdrawn status | Item status | Source of classification or shelving scheme | Damaged status | Not for loan | Vendor | Home library | Current library | Shelving location | Date acquired | Source of acquisition | Cost, normal purchase price | Total Checkouts | Full call number | Barcode | Date last seen | Cost, replacement price | Koha item type |
|---|---|---|---|---|---|---|---|---|---|---|---|---|---|---|---|---|---|
| Dewey Decimal Classification | Central Library | Central Library | Lower Floor | 18/07/2006 | 250.00 | 005.8 SHI | 000004055 | 15/07/2025 | 312.50 | Book - Borrowing |